Municipios de Guadalajara - Estadísticas

Estadísticas generales
  • Esta prueba ha sido intentada 26 veces
  • La puntuación promedio es 25 de 288
Estadísticas de respuestas
Municipios % Correcto
Molina de Aragón
69%
Sigüenza
69%
Azuqueca de Henares
63%
Brihuega
63%
Alovera
56%
Cabanillas del Campo
56%
Cifuentes
56%
Alcolea del Pinar
44%
Atienza
44%
Jadraque
44%
Marchamalo
44%
Torija
44%
Chiloeches
38%
Trijueque
38%
Trillo
38%
Yunquera de Henares
38%
El Casar
31%
Yebes
31%
Hiendelaencina
25%
Hita
25%
Horche
25%
Humanes
25%
Pastrana
25%
Quer
25%
Sacedón
25%
Torrejón del Rey
25%
Uceda
25%
Albalate de Zorita
19%
Almadrones
19%
Anguita
19%
Anquela del Ducado
19%
Cogolludo
19%
Espinosa de Henares
19%
Fontanar
19%
Galápagos
19%
Luzón
19%
Maranchón
19%
Matillas
19%
Miralrío
19%
Mohernando
19%
Muduex
19%
Pareja
19%
Pioz
19%
Pozo de Guadalajara
19%
Sacecorbo
19%
Somolinos
19%
Tendilla
19%
Torre del Burgo
19%
Valdeaveruelo
19%
Villanueva de la Torre
19%
Albendiego
13%
Aldeanueva de Guadalajara
13%
Algora
13%
Almoguera
13%
Almonacid de Zorita
13%
Alocén
13%
Angón
13%
Argecilla
13%
Atanzón
13%
Baides
13%
Campillo de Ranas
13%
Cantalojas
13%
Caspueñas
13%
Castejón de Henares
13%
Centenera
13%
Condemios de Abajo
13%
Condemios de Arriba
13%
El Cardoso de la Sierra
13%
El Pobo de Dueñas
13%
Fuencemillán
13%
Fuentelencina
13%
Gajanejos
13%
Galve de Sorbe
13%
Jirueque
13%
Ledanca
13%
Lupiana
13%
Majaelrayo
13%
Mandayona
13%
Masegoso de Tajuña
13%
Miedes de Atienza
13%
Mondéjar
13%
Pálmaces de Jadraque
13%
Rebollosa de Jadraque
13%
Romanones
13%
Saelices de la Sal
13%
San Andrés del Congosto
13%
Saúca
13%
Semillas
13%
Tamajón
13%
Utande
13%
Valdeavellano
13%
Valverde de los Arroyos
13%
Yebra
13%
Zarzuela de Jadraque
13%
Abánades
6%
Ablanque
6%
Alaminos
6%
Alarilla
6%
Alcocer
6%
Alustante
6%
Anquela del Pedregal
6%
Arbancón
6%
Armuña de Tajuña
6%
Arroyo de las Fraguas
6%
Auñón
6%
Budia
6%
Bustares
6%
Campillo de Dueñas
6%
Campisábalos
6%
Canredondo
6%
Casa de Uceda
6%
Casas de San Galindo
6%
Castellar de la Muela
6%
Checa
6%
Chillarón del Rey
6%
Cincovillas
6%
Ciruelos del Pinar
6%
Cobeta
6%
Corduente
6%
Driebes
6%
El Cubillo de Uceda
6%
El Olivar
6%
Hijes
6%
Hortezuela de Océn
6%
Hueva
6%
Illana
6%
Iniéstola
6%
Irueste
6%
La Huerce
6%
Loranca de Tajuña
6%
Luzaga
6%
Málaga del Fresno
6%
Malaguilla
6%
Mazarete
6%
Mazuecos
6%
Membrillera
6%
Milmarcos
6%
Mirabueno
6%
Paredes de Sigüenza
6%
Peñalver
6%
Pinilla de Jadraque
6%
Poveda de la Sierra
6%
Pozo de Almoguera
6%
Prádena de Atienza
6%
Puebla de Beleña
6%
Puebla de Valles
6%
Riba de Saelices
6%
Rillo de Gallo
6%
Riofrío del Llano
6%
Robledillo de Mohernando
6%
Romanillos de Atienza
6%
Selas
6%
Sotodosos
6%
Taravilla
6%
Torrecuadradilla
6%
Torremocha del Campo
6%
Torremocha del Pinar
6%
Tórtola de Henares
6%
Traíd
6%
Ujados
6%
Valdegrudas
6%
Valderrebollo
6%
Zaorejas
6%
Zorita de los Canes
6%
Adobes
0%
Albares
0%
Alcolea de las Peñas
0%
Alcoroches
0%
Algar de Mesa
0%
Alhóndiga
0%
Alique
0%
Aranzueque
0%
Arbeteta
0%
Armallones
0%
Baños de Tajo
0%
Bañuelos
0%
Barriopedro
0%
Berniches
0%
Bujalaro
0%
Cañizar
0%
Castilforte
0%
Castilnuevo
0%
Cendejas de Enmedio
0%
Cendejas de la Torre
0%
Chequilla
0%
Ciruelas
0%
Cogollor
0%
Congostrina
0%
Copernal
0%
Durón
0%
El Ordial
0%
El Pedregal
0%
El Recuenco
0%
El Sotillo
0%
Embid
0%
Escamilla
0%
Escariche
0%
Escopete
0%
Esplegares
0%
Establés
0%
Estriégana
0%
Fuembellida
0%
Fuentelahiguera de Albagates
0%
Fuentelsaz
0%
Fuentelviejo
0%
Fuentenovilla
0%
Gascueña de Bornova
0%
Guadalavaja
0%
Henche
0%
Heras de Ayuso
0%
Herrería
0%
Hombrados
0%
Hontoba
0%
Huérmeces del Cerro
0%
Huertahernando
0%
La Bodera
0%
La Mierla
0%
La Miñosa
0%
La Olmeda de Jadraque
0%
Las Iniervas
0%
Las Navas de Jadraque
0%
La Toba
0%
La Yunta
0%
Mantiel
0%
Matarrubia
0%
Medrana
0%
Megina
0%
Millana
0%
Mochales
0%
Monasterio
0%
Montarrón
0%
Moratilla de los Meleros
0%
Morenilla
0%
Negredo
0%
Ocentejo
0%
Olmeda de Cobeta
0%
Orea
0%
Pardos
0%
Peñalén
0%
Peralejos de las Truchas
0%
Peralveche
0%
Pinilla de Molina
0%
Piqueras
0%
Prados Redondos
0%
Renera
0%
Retiendas
0%
Robledo de Corpes
0%
Rueda de la Sierra
0%
Salmerón
0%
San Andrés del Rey
0%
Santiuste
0%
Sayatón
0%
Setiles
0%
Sienes
0%
Solanillos del Extremo
0%
Taragudo
0%
Tartanedo
0%
Terzaga
0%
Tierzo
0%
Tordellego
0%
Tordelrábano
0%
Tordesilos
0%
Torrecuadrada de Molina
0%
Torremocha de Jadraque
0%
Torremochuela
0%
Torrubia
0%
Tortuera
0%
Tortuero
0%
Valdarachas
0%
Valdearenas
0%
Valdeconcha
0%
Valdelcubo
0%
Valdenuño Fernández
0%
Valdepeñas de la Sierra
0%
Valdesotos
0%
Valfermoso de Tajuña
0%
Valhermoso
0%
Valtablado del Río
0%
Viana de Jadraque
0%
Villanueva de Alcorón
0%
Villanueva de Argecilla
0%
Villares de Jadraque
0%
Villaseca de Henares
0%
Villaseca de Uceda
0%
Villel de Mesa
0%
Viñuelas
0%
Yélamos de Abajo
0%
Yélamos de Arriba
0%
No se encontraron pruebas coincidentes
Distribución de puntuación
Porcentaje de gente con cada puntuación
Porcentaje por número respondido
Historial de tus puntuaciones
No has intentado esta prueba.